Muḥammad's Mecca : (Record no. 542340)

000 -LEADER
fixed length control field 00518cam a2200169 a 4500
020 ## - INTERNATIONAL STANDARD BOOK NUMBER
International Standard Book Number 0852245653
020 ## - INTERNATIONAL STANDARD BOOK NUMBER
International Standard Book Number 0852246110 (pbk.)
082 00 - DEWEY DECIMAL CLASSIFICATION NUMBER
Classification number 297.63
Author Mark WAT
-- L-31,P-84
100 1# - MAIN ENTRY--PERSONAL NAME
Personal name Watt, W. Montgomery
9 (RLIN) 37105
245 10 - TITLE STATEMENT
Title Muḥammad's Mecca :
Remainder of title history in the Qurʼān /
Statement of responsibility, etc. W. Montgomery Watt.
260 ## - PUBLICATION, DISTRIBUTION, ETC.
Place of publication, distribution, etc. Edinburgh :
Name of publisher, distributor, etc. Edinburgh University Press,
Date of publication, distribution, etc. c1988.
300 ## - PHYSICAL DESCRIPTION
Extent vii, 113 p. ;
Dimensions 23 cm.
500 ## - GENERAL NOTE
General note Includes index.
526 ## - STUDY PROGRAM INFORMATION NOTE
Program name 0
Interest level 0
Reading level 0
Title point value 297_630000000000000_WAT
650 ## - SUBJECT ADDED ENTRY--TOPICAL TERM
Topical term or geographic name entry element MCE
9 (RLIN) 379
942 ## - ADDED ENTRY ELEMENTS (KOHA)
Source of classification or shelving scheme
Koha item type Book
Holdings
Withdrawn status Lost status Source of classification or shelving scheme Damaged status Not for loan Permanent Location Current Location Date acquired Total Checkouts Full call number Barcode Date last seen Date last checked out Price effective from Koha item type
          Military College of Engineering (MCE) Military College of Engineering (MCE) 10/31/2013 1 297.63 WAT MCE-26403 09/30/2020 09/08/2020 10/31/2013 Book
© 2023 Central Library, National University of Sciences and Technology. All Rights Reserved.